| 000 | 00713nam a2200253 a 4500 | ||
|---|---|---|---|
| 001 | 52621 | ||
| 003 | BD-RjUL | ||
| 005 | 20211209075833.0 | ||
| 008 | 160924s1988 enka 001 0 eng d | ||
| 020 | _a0412295407 | ||
| 020 | _a041229530X hard | ||
| 035 | _a(BD-RjUL)52741 | ||
| 040 |
_aBD-RjUL _beng _cBD-RjUL |
||
| 041 | _aeng | ||
| 082 |
_223 _a519.2 _bOHP 1988 |
||
| 100 | 1 |
_aO'Hagan, Anthony. _9157373 |
|
| 245 | 1 | 0 |
_aProbability : _bmethods and measurement / _cAnthony O'Hagan. |
| 260 |
_aLondon ; _aNew York : _bChapman and Hall, _c1988. |
||
| 300 |
_a[xi], 291 p. : _bill. ; _c24 cm. |
||
| 500 | _aIncludes index. | ||
| 650 | 0 |
_aProbabilities. _9157374 |
|
| 942 |
_2ddc _cBK |
||
| 999 |
_c52621 _d52621 |
||